| 000 | 00808cam a2200205ua 4500 | ||
|---|---|---|---|
| 020 | _a0-471-16394-5 | ||
| 041 |
_aeng _h |
||
| 082 |
_a543.08 584 _bNAK/IN |
||
| 100 | _aNakamoto, Kauzo . | ||
| 240 | 1 | 0 | _aInfrared and Raman spectra of inorganic and coordination compounds. eng . |
| 245 |
_aInfrared and Raman spectra of inorganic and coordination compounds, Part A: Theory and Applications in inorganic chemistry / _cKauzo Nakamoto. _hTextual Documents |
||
| 250 |
_a5 / _b. |
||
| 260 |
_aLondon : _bJohn Wiley & Sons , _c1997. |
||
| 300 | _a387 ; . | ||
| 362 | 0 | _aA- | |
| 504 | _a | ||
| 730 | 0 | _aInfrared and Raman spectra of inorganic and coordination compounds. eng . | |
| 942 | _cBK | ||
| 999 |
_c166 _d166 |
||